Biblioteka Instytutu Północnego w Olsztynie

Obowiązki kupców w świetle "Opisania o składziech i starych drogach Króla Zygmunta Augusta z 1565 r." / (Rekord nr 27809)

Szczegóły MARC
000 -Nagłówek
fixed length control field 01174cam a2200325 i 4500
001 - Nr kontrolny bibl., która utworzyła rek.
control field xx001126781
003 - Siglum bibl., której nr kontr. jest w 001
control field NUKAT
005 - Data i czas ostatniej operacji
control field 20260427213558.0
008 - Elementy pola stałej długości
fixed length control field 080526s1939 pl |000 0 pol c
035 ## - Systemowy numer kontrolny
systemowy numer kontrolny (OCoLC)749909572
035 ## - Systemowy numer kontrolny
systemowy numer kontrolny (NUKAT)xx001126781
040 ## - Instytucja sporządzająca opis
Instytucja, która sporządziła opis WA U/76BM
Instytucja, która sporządziła rekord WA U/BM
Instytucja, która zmodyfikowała rekord WA U/76DP
-- POZN U/GZs
100 1# - Hasło główne-nazwa osobowa
Nazwa osobowa Górzyński, Stefan
Daty biograficzne (1898-1961).
9 (RLIN) 40703
245 10 - Tytuł właściwy i oznaczenie odpow.
tytuł Obowiązki kupców w świetle "Opisania o składziech i starych drogach Króla Zygmunta Augusta z 1565 r." /
dod. inf. ze s. tyt./ozn. odpow. Stefan Górzyński.
260 ## - Adres wydawniczy
miejsce wydania, dystrybucji itp. Warszawa :
nazwa wydawcy, dystrybutora itp. nakł. Wydawnictwa "Świat Współczesny",
data wydania, dystrybucji itp. 1939.
300 ## - Opis fizyczny
objętość i/lub forma materiału 58, [1] s. ;
format 22 cm.
336 ## - Content Type
Term Tekst
Code txt
Source rdacontent
337 ## - Media Type
Term Bez urządzenia pośredniczącego
Code n
Source rdamedia
338 ## - Carrier Type
Term Wolumin
Code nc
Source rdacarrier
380 ## - Form of work
Form of work Książki
510 3# - Uwaga o cytowaniu lub źródłach opisu bibliogr.
nazwa źródła BP 1901-1939 online
610 17 - Hasło przedmiotowe-nazwa ciała zbior.
nazwa ciała zbior. lub geogr. Polska.
nazwa jednostki podrzędnej Sejm (1562-1567).
źródło hasła kaba
9 (RLIN) 40704
648 #7 - SUBJECT ADDED ENTRY--CHRONOLOGICAL TERM
Chronological term 1501-1600
Source of heading or term DBN
9 (RLIN) 36032
650 #7 - Hasło przedmiotowe-nazwa pospolita
nazwa pospolita lub geogr. Handel
źródło hasła DBN
9 (RLIN) 40498
650 #7 - Hasło przedmiotowe-nazwa pospolita
nazwa pospolita lub geogr. Handel
określnik geograficzny Polska
określnik chronologiczny 16 w.
źródło hasła kaba
9 (RLIN) 40705
650 #7 - Hasło przedmiotowe-nazwa pospolita
nazwa pospolita lub geogr. Prawo handlowe
określnik geograficzny Polska
określnik chronologiczny 16 w.
źródło hasła kaba
9 (RLIN) 40707
651 #7 - Hasło przedmiotowe-nazwa geogr.
nazwa geograficzna Polska
źródło hasła DBN
9 (RLIN) 35076
658 ## - Nazwa określająca cel programu nauczania
główny cel programu nauczania Gospodarka, ekonomia, finanse
942 ## - ADDED ENTRY ELEMENTS (KOHA)
Source of classification or shelving scheme Dewey Decimal Classification
Koha item type pozycje dostępne na miejscu
Egzemplarze
Status wycofania Status zagubienia Klasyfikacja Status uszkodzenia Blokada wypożyczeń Kolekcja Lokalizacja macierzysta Lokalizacja bieżąca Data nabycia Numer akcesji Źródło akcesji Nr inwentarzowy il. wypożyczeń Sygnatura Kod kreskowy Date last seen Price effective from Typ egz.
    Dewey Decimal Classification nieuszkodzona   Pracownia Badań Księgozbiorów Historycznych Biblioteka Instytutu Północnego w Olsztynie Pracownia Badań Księgozbiorów Historycznych 27/04/2026 K-25/1966 kupno 16656   16656 IPWK22197 27/04/2026 27/04/2026 pozycje dostępne na miejscu
Biblioteka Instytutu Północnego, ul. Partyzantów 87, 10-402 Olsztyn, email: biblioteka(at)ip.olsztyn.pl